000 00564 a2200193 4500
003 Nust
005 20230125134905.0
010 _a31028061
040 _cNust
082 _a808.83,SCH
100 _aSackville-West, Victoria
_9107647
245 _aAll passion spent /
_cV. Sackville-West
260 _aGarden City N.Y.,
_b Doubleday, Doran & Company, Inc.,
_c1931
300 _a297 p
_b22 cm
505 _aPart 1: (Page-11), Part 2: (Page-139), Part 3. (Page-185).
600 _aSackville-West, Victoria,
_9107647
650 _aNovel
_92525
942 _2ddc
_cBK
999 _c186681
_d186681